Šaľa Budovateľská ulica

Zobrazenie: Pohľad na cestu, lemovanú po obocha stranách budovami, na ktorej stoja dve autá a na chodníku oproti sú štyria dospelí a dve deti. Vľavo je cesta ešte lemovaná radom stĺpov pouličného osvetlenia

Bibliographic Details
Other Authors: Fuchs, V. (fotograf) (Photographer)
Format: Postcard
Language:Slovak
PhysicalDescription:1 pohľadnica čiernobiela 11 x 15 cm
Published: Praha Svépomoc 1968
Subjects:

MARC

LEADER 00000nkm a2200000 a 4500
001 vtls011780223
003 SK-MaSNL
005 20260512125848.0
007 kp bo
008 230718s1968 xr g kuslo
015 |a SNBG1968 
035 |a urn:nbn:sk:snk-km00do76 
035 |a urn:nbn:sk:snk-km3lz2y 
035 |a D0E8F20D-650E-4F51-8A51-795F72FBA8AE 
040 |a SNK  |b slo  |c SNK  |e AACR2 
041 0 |a slo 
043 |a e-xo--- 
044 |a xr  |c CZ 
072 7 |a 913  |x Regionálna geografia  |2 konspekt 
080 |a 913(437.6)  |2 2011 
080 |a 711.73  |2 2011 
080 |a (084.121)  |2 2011 
080 |a 728  |2 2011 
100 1 |a Fuchs, V.  |c (fotograf)  |4 pht  |9 361685 
245 1 0 |a Šaľa  |h grafika  |b Budovateľská ulica  |c foto V. Fuchs 
260 |a Praha  |b Svépomoc  |c 1968 
300 |a 1 pohľadnica  |b čiernobiela  |c 11 x 15 cm 
520 8 |a Zobrazenie: Pohľad na cestu, lemovanú po obocha stranách budovami, na ktorej stoja dve autá a na chodníku oproti sú štyria dospelí a dve deti. Vľavo je cesta ešte lemovaná radom stĺpov pouličného osvetlenia 
650 0 7 |a ulice  |2 SNKPH  |9 2938 
650 0 7 |a obytné domy  |2 SNKPH  |9 66500 
651 7 |a Šaľa (Slovensko)  |2 SNKPHgeo  |9 27574 
655 7 |a miestne pohľadnice  |2 SNKPH  |9 70510 
852 |a Slovenská národná knižnica 
954 |a pohľadnice pôvodné (slovenské)  |2 lita 
954 |a pohľadnice cudzojazyčné (svetové)  |2 lita 
958 |a GBN 
958 |a GC 
958 |a OND 
958 |a EUIPO 
999 |c 1114497  |d 1116427 
952 |a SNK  |b SNK  |y PREZ  |7 0  |p 17A1280109  |o snkSP 51479  |0 0  |1 0  |4 0  |d 2018-09-20  |f 1  |l 0  |r 2026-02-24 18:12:10  |w 2026-02-24